000 00619nam a22001817a 4500
005 20160720162151.0
010 _aENG-115472
020 _a9789381384411
_c125.00
035 _aEN-98004
037 _bDBAD/PUB
082 _a155.25
100 _aSharma,S.P.
245 _aA youngsters'guide to personality development :
_ba book for young men & women,especially students with Indian precepts & culture /
_cby S.P.Sharma
260 _aNew Delhi
_bV & S Publishers
_c2015
270 _aF-2/16,Ansari Road,Daryaganj
_bNew Delhi
_e110002
300 _a115p.
_c21cm(pbk)
942 _2ddc
_cEN
_h155.25
_mSHA
999 _c101398
_d101398